000 00322nam a2200145Ia 4500
008 210210b1957 xxu||||| |||| 00| 0 eng d
041 _aeng
082 _a331/230
100 _aTHAKUR (B T)
245 _aMoney
260 _aBombay
_bOrient Longman Ltd
_c1957
650 _aMoney
690 _aBanking
906 _a004132
999 _c122967
_d122967